| 000 | 00000nam##2200000za#4500 |
| 001 | 9.642441 |
| 003 | CaOODSP |
| 005 | 20210624223713 |
| 007 | cr ||||||||||| |
| 008 | 150407|1995||||xxc|||||o f|0| 0 fre|d |
| 040 | |aCaOODSP|bfre |
| 043 | |an-cn--- |
| 086 | 1 |aE100-2/1-94-1904-02F-PDF |
| 110 | 2 |aSecrétariat de l'ALÉNA. |
| 245 | 10|aDans l'affaire de: ficelle synthétique pour ramasseuse-presse avec une résistance à la tension de 200 lb ou moins, originaire ou exportée des États-Unis d'Amérique : |h[ressource électronique]|bdécision du Groupe spécial |
| 246 | 1 |aArticle 1904 examen par un Groupe spécial binational aux termes de l'Accord de libre-échange nord-américain |
| 260 | |aOttawa - Ontario : |bSecrétariat de l'ALÉNA |c10 avril 1995. |
| 300 | |a42p.|bréférences |
| 590 | |a13-21-Supp|b2013-09-16 |
| 691 | 07|aProduit industriel|2gcpds |
| 691 | 07|aArbitrage|2gcpds |
| 691 | 07|aDroits antidumping|2gcpds |
| 691 | 07|aLibre-échange|2gcpds |
| 775 | 08|tIn the matter of synthetic baler twine with a knot strength of 200 lbs or less, originating in or exported from the United States of America|w(CaOODSP)9.698434 |
| 856 | 40|ahttp://publications.gc.ca|qPDF|s133 Ko|uhttps://publications.gc.ca/collections/Collection/E100-2-1-94-1904-02F.pdf |
| 986 | |aCDA-94-1904-02 |